La Enseñanza de la archivística en los planes oficiales de estudios universitarios españoles: recomendaciones : una propuesta del Ministerio de Cultura recomendaciones :
Descripción Física:
21 p. ; 25 cm
Otros Autores:
Espanya. Dirección General de Bellas Artes y Archivos
Materias:
Arxivística -- Ensenyament
MARC
| LEADER | 00000nam a2200000Ia 4500 | ||
|---|---|---|---|
| 001 | 9822 | ||
| 008 | 160829s9999 xx 000 0 cat d | ||
| 080 | |a FU-15-35 | ||
| 245 | |a La Enseñanza de la archivística en los planes oficiales de estudios universitarios españoles: |b recomendaciones : |b una propuesta del Ministerio de Cultura | ||
| 260 | |a Madrid : |b Ministerio de Cultura. Dirección General de Bellas Artes y Archivos, dl 1992 | ||
| 300 | |a 21 p. ; |c 25 cm | ||
| 590 | |a A la coberta, Documento elevado al Consejo de Universidades por la Dirección de los Archivos Estatales (Dirección General de Bellas Artes y Archivos). | ||
| 650 | |a Arxivística |x Ensenyament |9 22061 | ||
| 700 | |a Espanya. Dirección General de Bellas Artes y Archivos |9 20606 | ||
| 901 | |a Arxiu | ||
| 942 | |n 1 | ||
| 952 | |0 0 |1 0 |4 0 |6 FU1535 |7 1 |9 42036 |a Arxiu |b Arxiu |d 2016-12-01 |l 0 |o FU-15-35 |p 9822 |r 2016-12-01 00:00:00 |w 2016-12-01 |y ARXIU | ||
| 999 | |c 44483 |d 44483 | ||